000 00416nam a2200145Ia 4500
041 _aArabic
082 _a346 cut-599 د
100 _a20260118u\\\\\\\\\\\y0engy0103\\\\ba
100 _aد.ئاواز سليمان دزه يى
245 0 _aعقد النزول في الفندق دراسة قانونية
250 _aط1
260 _aالسليمانية - العراق
_c2003
300 _a192
942 _cBk
999 _c188947
_d188947